ბათუმის შოთა რუსთაველის სახელმწიფო უნივერსიტეტის ბიბლიოთეკა

The Chaos Theory of Careers. (ბიბ.ჩანაწერი № 51462)

000 -LEADER
fixed length control field 00656nam a2200241Ia 4500
001 - CONTROL NUMBER
control field 18448
003 - CONTROL NUMBER IDENTIFIER
control field GE_BSU
008 - FIXED-LENGTH DATA ELEMENTS--GENERAL INFORMATION
fixed length control field 181216s||||||||xx |||||||||||||| ||und||
020 ## - INTERNATIONAL STANDARD BOOK NUMBER
International Standard Book Number 9780415806343
040 ## - CATALOGING SOURCE
Transcribing agency GE_BSU
080 ## - UNIVERSAL DECIMAL CLASSIFICATION NUMBER
Universal Decimal Classification number 331
100 ## - MAIN ENTRY--PERSONAL NAME
Personal name Pryor,Robert. Bright,Jim
245 #4 - TITLE STATEMENT
Title The Chaos Theory of Careers.
245 #2 - TITLE STATEMENT
Remainder of title A new Perspective on working in the Twenty-First Century
260 ## - PUBLICATION, DISTRIBUTION, ETC.
Place of publication, distribution, etc. New York
260 ## - PUBLICATION, DISTRIBUTION, ETC.
Name of publisher, distributor, etc. Routledge
260 ## - PUBLICATION, DISTRIBUTION, ETC.
Date of publication, distribution, etc. 2011
300 ## - PHYSICAL DESCRIPTION
Extent 244p. 23 cm.
653 ## - INDEX TERM--UNCONTROLLED
Uncontrolled term A new Perspective on working in the Twenty-First Century
653 ## - INDEX TERM--UNCONTROLLED
Uncontrolled term The Chaos Theory of Careers.
653 ## - INDEX TERM--UNCONTROLLED
Uncontrolled term კარიერა.
942 ## - ADDED ENTRY ELEMENTS (KOHA)
Koha item type წიგნი
ეგზემპლარები
Withdrawn status Lost status Damaged status Not for loan Date acquired Barcode Date last seen Price effective from Koha item type
        2018-12-17 47288 2018-12-17 2018-12-17 წიგნი